[Event "ROM-ch U12 Boys"]
[Site "Voineasa"]
[Date "2008.04.14"]
[Round "4"]
[White "Lupascu, Matei Alexandru"]
[Black "Nicolae, Marius Cristian"]
[Result "1-0"]
[WhiteElo "599"]
[BlackElo "467"]
[PlyCount "75"]
[EventDate "2008.04.08"]
[EventType "swiss"]
[EventRounds "9"]
[EventCountry "ROU"]
[SourceTitle "EXT 2013"]
[Source "ChessBase"]
[SourceDate "2012.11.22"]
[SourceVersion "1"]
[SourceVersionDate "2012.11.22"]
[SourceQuality "1"]

1. c4 e5 2. Nc3 Nc6 3. g3 Bc5 4. Bg2 Nf6 5. e3 d6 6. Nge2 Nb4 7. d4 exd4 8. exd4 Bb6 9. Qa4+ Nc6 10. d5 0-0 11. dxc6 Rb8 12. 0-0 bxc6 13. Bxc6 Bh3 14. Bg2 Bd7 15. Qd1 Bg4 16. Bg5 h6 17. Bxf6 Qxf6 18. Qd2 Ba5 19. Qd5 Bxc3 20. Nxc3 Rxb2 21. Ne4 Qe7 22. Rfb1 Rxb1+ 23. Rxb1 Re8 24. Rb7 Ra8 25. Rxc7 Qxc7 26. Qxa8+ Kh7 27. Nc3 Bf5 28. Qd5 Be6 29. Qb7 Qa5 30. Be4+ f5 31. Bd5 Bxd5 32. Nxd5 Qe1+ 33. Kg2 Qe4+ 34. f3 Qxc4 35. Qf7 Qe2+ 36. Kh3 Qe5 37. Ne7 Qxe7 38. Qxe7 1-0